| 000 | 00976nam a2200313 c 4500 | ||
|---|---|---|---|
| 001 | BV047267632 | ||
| 003 | DE-604 | ||
| 005 | 20230616082810.0 | ||
| 007 | t | ||
| 008 | 210504s2021 a||| |||| 00||| rus d | ||
| 020 |
_a9785444815427 _9978-5-4448-1542-7 |
||
| 035 | _a(OCoLC)1256445218 | ||
| 035 | _a(DE-599)BVBBV047267632 | ||
| 040 |
_aDE-604 _bger _cRU-10907106 |
||
| 041 | 0 | _arus | |
| 245 | 1 | 0 |
_aDemontaž kommunizma _bTridcat' let spustja _cpod red. K. Rogova |
| 264 | 1 |
_aMoskva ; _bNovoe literaturnoe obozrenie, _c2021. |
|
| 300 |
_a444 Seiten _bIllustrationen, Diagramme |
||
| 336 |
_aText _btxt _2rdacontent |
||
| 337 |
_aohne Hilfsmittel zu benutzen _bn _2rdamedia |
||
| 338 |
_aBand _bnc _2rdacarrier |
||
| 490 | 0 | _aBiblioteka žurnala Neprikosnovennyj zapas | |
| 650 |
_aPostkommunismus _94648 |
||
| 651 | _aSowjetunion | ||
| 651 | _aRussland | ||
| 700 | 1 |
_4edt _aRogov, Kirill Jurʹevič _d1966- _eHerausgeber _924158 |
|
| 940 | 1 | _fsla | |
| 942 |
_2z _cMG |
||
| 999 |
_c57671 _d57671 |
||